| 000 | 00000nam##2200000za#4500 |
| 001 | 9.604833 |
| 003 | CaOODSP |
| 005 | 20210624211816 |
| 007 | cr ||||||||||| |
| 008 | 150406|2002||||xxc|||||o f|0| 0 fre|d |
| 040 | |aCaOODSP|bfre |
| 043 | |an-cn--- |
| 086 | 1 |aFo29-47/27-2002F-PDF |
| 110 | 1 |aCanada.|bRessources naturelles Canada. |bService canadien des forêts. |
| 245 | 10|aWRS-Canada - intégration du système de référence mondial (Worldwide Referencing System) de Landsat avec des données écologiques, géographiques et démographiques|h[ressource électronique]|c[Par]Mike Wulder, David Seemann and Brian Low. |
| 260 | |aVictoria - Colombie Britannique : |bRessources naturelles Canada. |c2002. |
| 300 | |a6p.|bfigures (certaines en couleur), références |
| 490 | 1 |aNotes de transfert technologique|vN° 27, octobre 2002 |
| 500 | |aLe n° de catalogue et l'ISSN de l'édition imprimée apparaissent dans cette version électronique. |
| 590 | |a12-40-Supp|b2012-10-23 |
| 720 | 1 |aSeemann, David |
| 720 | 1 |aLow, Brian |
| 720 | 1 |aWulder, Michael |
| 775 | 08|tWRS-Canada - integration of the Landsat WorldWide Referencing System with ecological, geographical and demographic data|w(CaOODSP)9.575291 |
| 776 | 0#|tWRS-Canada - intégration du système de référence mondial (Worldwide Referencing System) de Landsat avec des données écologiques, géographiques et démographiques|w(CaOODSP)9.626043 |
| 830 | #0|aNotes de transfert technologique ;|vN° 27, octobre 2002|w(CaOODSP)9.501177 |
| 856 | 40|ahttp://publications.gc.ca|qPDF|s904 Ko|uhttps://publications.gc.ca/collections/collection_2012/rncan-nrcan/Fo29-47-27-2002-fra.pdf|yN° 27, octobre 2002 |